000 00321nam a2200133Ia 4500
003 OSt
005 20231107111140.0
008 170524s9999 xx 000 0 und d
020 _a9788120329799
040 _cIIMT UNIVERSITY
100 _aRAJARAMAN-V
245 0 _aDIGITAL LOGIC AND COMPUTER ORGANIZATION
942 _2ddc
_c02
999 _c4369
_d4369